000 00877nam a22002297a 4500
005 20240530110914.0
008 220209s2009 ua a b 000 0 ara d
017 _bمصر. دار الكتب
040 _aEG-CaGPL
_cEG-CaGPL
082 0 4 _221
_a338.642 \
_bن ص
100 0 _aنهى ابراهيم خليل ابراهيم
245 1 2 _aالصناعات الصغيرة ودورها فى التنمية الاقتصادية والسياحية /
_cنهى ابراهيم خليل ابراهيم
250 _aط.1
260 _aالاسكندرية :
_bمؤسسة شباب الجامعة ،
_c2009
300 _a262 ص؛
_c24 سم
650 0 7 _2qrmak
_aالصناعات الصغيرة
650 0 7 _2qrmak
_aالصناعات الحرفية
650 0 7 _2qrmak
_aالسياحة
651 _2qrmak
942 _2ddc
_cBK
999 _c66368
_d66368